000 00722nam a22002537a 4500
001 BR9903140
003 BR-BrBNA
005 20230928100435.0
007 ta
008 230509b bl.||||| |||| 00| 0 por d
040 _aBR-BrBNA
_bpor
_cBiblioteca Nacional de Agricultura
041 _a(Por)
072 _aE50
_b2790
090 _ 2790 BR9903140
110 1 _aEmpresa Mato Grossense de Pesquisa, Assistencia e Extensao Rural S.A., Cuiaba, MT (Brasil)
245 1 _aCartilha de plantas medicinais
260 3 _aCuiaba, MT (Brasil):
_c[nd].
300 _a56 p.
500 _a5 ref.; 46 illus.; 69 tables
650 _aPlanta Medicinal
650 _aSaude
909 _a202309
_bLucia
_c55
_dLucia Elande
942 _cBK
999 _c61336
_d61336